000 02000aam a2200349 a 4500
999 _c489027
_d489027
003 BLK
005 20240705100321.0
008 181010b bu ||||| |||| 00| 0 bu d
020 _a9786190301684
040 _aBLK
041 _aBUL
_cBUL
080 _aФутбол
_b796.332
_x(469)(82)(092)
_z796.332(469)(82)(092)
080 _aКристиано Роналдо дош Сантош Авейро (Крищиану Руналду душ Сантуш Авейру). Португалски футболист
_b929 Кристиано Роналдо
_z929 Кристиано Роналдо
080 _aАржентински футболист
_b929 Меси, Лионел Андрес
_z929 Меси, Лионел Андрес
100 _aРобинсън, Джошуа
_eпърви автор
_9486390
139 _aРобинсън, Джошуа
245 _aМеси срещу Роналдо : голямото съперничество, което промени завинаги световната игра
_cДжошуа Робинсън, Джонатан Клег ; прев. от англ. Радослав Христов
260 _bБард
_c2022
_9209457
_aСофия
_n978-954-655- ; 978-954-585- ; 978-954-584-
300 _a335 с. : с табл., [8] с. : цв. ил.
_c21 см
380 _a79
500 _aОриг. загл.: Messi vs. Ronaldo / Joshua Robinson & Jonathan Clegg За авторите: с. 334
600 1 4 _9224443
_aКристиано Роналдо
600 0 _9336716
_aМеси, Лионел Андрес
650 0 _9256735
_aФутболисти, аржентински
650 0 _9339409
_aФутболисти, португалски
700 _9486391
_aКлег, Джонатан
_eсъавт.
700 _aХристов, Радослав Христов
_d1963-
_9376480
852 _aЦб 316260
856 _i0.00
_ldisable
942 _cKNG
_2udc
_n0
_014
_s1
944 _aCR
_c2023-03-15
_k30560
_lГеновева Генчева